000
00271nam a2200121Ia 4500
008
190216s9999||||xx |||||||||||||| ||und||
100
_a
Charles Kingsley
245
4
_a
The Water Babies
260
_b
Dean&Son Ltd
_c
1987
300
_a
184p
650
_a
Novel
942
_c
BK
999
_c
11750
_d
11750